| Tag |
First Indicator |
Second Indicator |
Subfields |
| LEADER |
00000cam a2200000Ka 4500 |
| 001 |
in00002389113 |
| 005 |
20211129155627.0 |
| 006 |
m d f |
| 008 |
080318s2007 riu s f000 0 eng d |
| 035 |
|
|
|a (OCoLC)ocn213448768
|
| 040 |
|
|
|a GPO
|c GPO
|d MvI
|d UtOrBLW
|
| 049 |
|
|
|a WWW
|
| 074 |
|
|
|a 0408-A-05 (online)
|
| 086 |
0 |
|
|a D 208.212:29
|
| 245 |
0 |
0 |
|a Shaping the security environment /
|c Derek S. Reveron, editor.
|
| 264 |
|
1 |
|a Newport, R.I. :
|b Naval War College Press,
|c [2007]
|
| 300 |
|
|
|a vi, 108 pages :
|b digital, PDF file.
|
| 336 |
|
|
|a text
|b txt
|2 rdacontent
|
| 337 |
|
|
|a computer
|b c
|2 rdamedia
|
| 338 |
|
|
|a unspecified
|b zu
|2 rdacarrier
|
| 490 |
1 |
|
|a Newport paper ;
|v 29
|
| 538 |
|
|
|a Mode of access: Internet from the NWC web site. Address as of 3/18/08: http://www.nwc.navy.mil/press/newportpapers/documents/NP29.pdf ; current access available via PURL.
|
| 500 |
|
|
|a Title from title screen (viewed on Mar. 18, 2008).
|
| 500 |
|
|
|a "September 2007."
|
| 500 |
|
|
|a Electronic resource.
|
| 650 |
|
0 |
|a National security
|z United States.
|
| 650 |
|
0 |
|a Sea-power
|z United States.
|
| 651 |
|
0 |
|a United States
|x Military policy
|y 21st century.
|
| 776 |
0 |
|
|t Shaping the security environment
|h vi, [1], 108 p.
|w (OCoLC)182747948
|
| 700 |
1 |
|
|a Reveron, Derek S.
|
| 830 |
|
0 |
|a Newport paper ;
|v 29.
|
| 856 |
4 |
0 |
|u https://purl.fdlp.gov/GPO/LPS92233
|t 0
|
| 999 |
|
|
|a MARS
|
| 999 |
f |
f |
|s ca7a2fcc-7712-3881-b17e-ea98fabee97a
|i 9add9ab8-370e-344a-9833-3b671c712163
|t 0
|
| 952 |
f |
f |
|a Texas A&M University
|b College Station
|c Electronic Resources
|d Available Online
|t 0
|e D 208.212:29
|h Superintendent of Documents classification
|
| 998 |
f |
f |
|a D 208.212:29
|t 0
|l Available Online
|